|
|
|
|
| LEADER |
00000cam a2200000 4500 |
| 001 |
vtls012249778 |
| 003 |
SK-MaSNL |
| 005 |
20260301214108.0 |
| 008 |
240207s2023 xo hoabgrn 000 0 slo |
| 015 |
|
|
|a SNBA2024/07
|
| 020 |
|
|
|a 9788082660459
|q (viazané)
|
| 040 |
|
|
|a SNK
|b slo
|c SNK
|e rda
|
| 041 |
0 |
|
|a slo
|b eng
|b ger
|b hun
|b rus
|
| 043 |
|
|
|a e-xo---
|
| 044 |
|
|
|a xo
|c SK
|
| 072 |
|
7 |
|a 72
|x Architektúra
|2 konspekt
|
| 080 |
|
|
|a 726:27-523.42
|2 2011
|
| 080 |
|
|
|a 726:2-523.4
|2 2011
|
| 080 |
|
|
|a 72/76.05
|2 2011
|
| 080 |
|
|
|a (437.614)
|2 2011
|
| 080 |
|
|
|a (048.8)
|2 2011
|
| 080 |
|
|
|a 27-4
|2 2011
|
| 080 |
|
|
|a 27-526.1/.6
|2 2011
|
| 100 |
1 |
|
|a Peťková, Viera,
|d 1960-
|4 aut
|9 151403
|
| 245 |
1 |
0 |
|a Tichý svedok dejín
|b Kostol sv. Juraja
|c Viera Peťková
|
| 246 |
3 |
0 |
|a Kostol sv. Juraja
|
| 264 |
|
1 |
|a Nitra
|b Garmond
|c 2023
|
| 300 |
|
|
|a 216 strán
|b faksimile, fotografie (prevažne farebné), ilustrácie, mapy
|c 24 cm
|
| 336 |
|
|
|a text
|b txt
|2 rdacontent
|
| 336 |
|
|
|a statický obraz
|b sti
|2 rdacontent
|
| 337 |
|
|
|a bez média
|b n
|2 rdamedia
|
| 338 |
|
|
|a zväzok
|b nc
|2 rdacarrier
|
| 500 |
|
|
|a Vydané vlastným nákladom autorky
|
| 504 |
|
|
|a Obsahuje bibliografiu na strane 216
|
| 546 |
|
|
|a Anglické, maďarské, nemecké a ruské resumé
|
| 610 |
2 |
7 |
|a Kostol sv. Juraja (Kostoľany pod Tribečom, Slovensko)
|2 SNKKA
|
| 650 |
0 |
7 |
|a katolícke kostoly
|2 SNKPH
|9 3028
|
| 650 |
0 |
7 |
|a cirkevná architektúra
|2 SNKPH
|9 727
|
| 650 |
0 |
7 |
|a umelecká výzdoba
|2 SNKPH
|9 66567
|
| 650 |
0 |
7 |
|a Catholic churches
|2 SNKPHeng
|9 274394
|
| 650 |
0 |
7 |
|a Church architecture
|2 SNKPHeng
|9 302692
|
| 650 |
0 |
7 |
|a Artistic decoration
|2 SNKPHeng
|9 323953
|
| 650 |
0 |
7 |
|a cirkevný život
|2 SNKPH
|9 75120
|
| 650 |
0 |
7 |
|a Church life
|2 SNKPHeng
|9 267761
|
| 650 |
0 |
7 |
|a vybavenie kostolov
|2 SNKPH
|9 125065
|
| 650 |
0 |
7 |
|a Equipment of churches
|2 SNKPHeng
|9 340259
|
| 651 |
|
7 |
|a Kostoľany pod Tríbečom (Slovensko)
|2 SNKPHgeo
|9 163422
|
| 651 |
|
7 |
|a Kostoľany pod Tríbečom (Slovakia)
|2 SNKPHeng
|9 161307
|
| 655 |
|
7 |
|a monografie
|2 SNKPH
|9 70139
|
| 655 |
|
7 |
|a Monographs
|2 SNKPHeng
|9 120675
|
| 852 |
|
|
|a Slovenská národná knižnica
|
| 919 |
|
|
|a 978-80-8266-045-9
|
| 954 |
|
|
|a odborná, vedecká literatúra pôvodná (slovenská)
|2 lita
|
| 958 |
|
|
|a NB
|
| 964 |
9 |
|
|a Peťková, Viera
|
| 999 |
|
|
|c 923722
|d 925652
|
| 952 |
|
|
|a SNK
|b SNK
|y PREZ
|7 0
|p 17A1549924
|o snkSC 206686
|i snk2024/8642
|8 0
|0 0
|1 0
|4 0
|d 2024-05-31
|l 0
|r 2025-10-29 00:00:00
|w 2026-02-24
|
| 952 |
|
|
|a SNK
|b SNK
|y VYP
|7 0
|p 17A1551684
|o snkSC 206686 D1
|i snk2024/12757
|8 3
|g 32.80
|0 0
|1 0
|4 0
|d 2024-08-13
|l 0
|r 2026-02-24 08:23:37
|w 2026-02-24
|